Normal view
MARC view
Entry Topical Term
001 - CONTROL NUMBER
- control field: 37483
003 - CONTROL NUMBER IDENTIFIER
- control field: OSt
005 - DATE AND TIME OF LATEST TRANSACTION
- control field: 20220517091051.0
008 - FIXED-LENGTH DATA ELEMENTS
- fixed length control field: 220517|| aca||aabn | a|a d
040 ## - CATALOGING SOURCE
- Original cataloging agency: OSt
- Transcribing agency: OSt
150 ## - HEADING--TOPICAL TERM
- Topical term or geographic name entry element: Aptitude Test
670 ## - SOURCE DATA FOUND
- Source citation: Work cat.: (OSt)197068: Verma, Anil Kumar;Sharma, Gaurav;Singh, Kuldeep. 37482, Wiley acing the Gate: computer science and information technology., 2018